Numerical methods for scientists and engineers / (Record no. 33128)

000 -LEADER
fixed length control field 01262cam a22003737a 4500
001 - CONTROL NUMBER
control field 14284006
003 - CONTROL NUMBER IDENTIFIER
control field OSt
005 - DATE AND TIME OF LATEST TRANSACTION
control field 20220228121437.0
008 - FIXED-LENGTH DATA ELEMENTS--GENERAL INFORMATION
fixed length control field 060302s2002 sz a b 001 0 eng d
010 ## - LIBRARY OF CONGRESS CONTROL NUMBER
LC control number 2006271968
016 7# - NATIONAL BIBLIOGRAPHIC AGENCY CONTROL NUMBER
Record control number 963597523
Source GyFmDB
020 ## - INTERNATIONAL STANDARD BOOK NUMBER
International Standard Book Number 9788120332171
035 ## - SYSTEM CONTROL NUMBER
System control number (OCoLC)ocm50005794
038 ## - RECORD CONTENT LICENSOR
Staff Name khadija
040 ## - CATALOGING SOURCE
Original cataloging agency OHX
Transcribing agency OHX
Modifying agency WAU
-- OCLCQ
-- BAKER
-- DLC
042 ## - AUTHENTICATION CODE
Authentication code lccopycat
050 00 - LIBRARY OF CONGRESS CALL NUMBER
Classification number TA335
Item number .A58 2002
072 #7 - SUBJECT CATEGORY CODE
Subject category code QA
Source lcco
082 00 - DEWEY DECIMAL CLASSIFICATION NUMBER
Classification number 518.0262
Edition number 22
Author Mark RAO
100 1# - MAIN ENTRY--PERSONAL NAME
Personal name Rao, K. Sankara
9 (RLIN) 89767
245 10 - TITLE STATEMENT
Title Numerical methods for scientists and engineers /
Statement of responsibility, etc. Rao, K. Sankara.
250 ## - EDITION STATEMENT
Edition statement 3rd ed
260 ## - PUBLICATION, DISTRIBUTION, ETC.
Place of publication, distribution, etc. Basel ; Boston :
Name of publisher, distributor, etc. Birkhäuser,
Date of publication, distribution, etc. 2011.
300 ## - PHYSICAL DESCRIPTION
Extent xxii, 842 p. :
Other physical details ill. ;
Dimensions 25 cm. +
500 ## - GENERAL NOTE
General note Copyright Hindustan Book Agency (India).
504 ## - BIBLIOGRAPHY, ETC. NOTE
Bibliography, etc. note Includes bibliographical references and index.
563 ## - BINDING INFORMATION
Binding note paperback
650 #0 - SUBJECT ADDED ENTRY--TOPICAL TERM
Topical term or geographic name entry element Engineering mathematics.
9 (RLIN) 2310
650 #0 - SUBJECT ADDED ENTRY--TOPICAL TERM
Topical term or geographic name entry element Numerical analysis.
9 (RLIN) 103
856 42 - ELECTRONIC LOCATION AND ACCESS
Materials specified Publisher description
Uniform Resource Identifier <a href="http://www.loc.gov/catdir/enhancements/fy0906/2006271968-d.html">http://www.loc.gov/catdir/enhancements/fy0906/2006271968-d.html</a>
906 ## - LOCAL DATA ELEMENT F, LDF (RLIN)
a 7
b cbc
c copycat
d 2
e ncip
f 20
g y-gencatlg
942 ## - ADDED ENTRY ELEMENTS (KOHA)
Source of classification or shelving scheme
Koha item type Book
Holdings
Withdrawn status Lost status Source of classification or shelving scheme Damaged status Not for loan Permanent Location Current Location Shelving location Date acquired Total Checkouts Total Renewals Full call number Barcode Date last seen Date last checked out Price effective from Koha item type Public note
          School of Mechanical & Manufacturing Engineering (SMME) School of Mechanical & Manufacturing Engineering (SMME) General Stacks 12/29/2015 2 1 518.0262 RAO SMME-2303 01/28/2025 12/27/2024 12/29/2015 Book Rack,47-Shelf,2
© 2023 Central Library, National University of Sciences and Technology. All Rights Reserved.